000 00371nam a2200145Ia 4500
008 240624s9999 xx 000 0 und d
041 _aeng
082 _a657 BHA
100 _aBHATTACHARYYA ASISH K
245 _aESSENTIALS OF FINANCIAL ACCOUNTING
250 _a(3rd ed.)
260 _c2012
_aNew Delhi
_bPHI
300 _axxii, : 690 : p. : cm. ; 26
365 _cRS
_b33
999 _c24468
_d24468